Catàleg del Col·legi de Periodistes de Catalunya

Le droit de réponse en metière de presse (Registre núm. 2488)

000 -CABECERA
Longitud fija campo de control 00591nam a2200193 a 4500
001 - NÚMERO DE CONTROL
Número de control 2488
003 - IDENTIFICADOR DEL NÚMERO DE CONTROL
Identificador del número de control CDMR
005 - FECHA Y HORA DE LA ÚLTIMA TRANSACCIÓN
Fecha y hora de la última transacción 20131125101107.0
008 - CÓDIGOS DE INFORMACIÓN DE LONGITUD FIJA
Códigos de información de longitud fija 130130s1963||||||||||||||||||||||||||||d
040 ## - FUENTE DE LA CATALOGACIÓN
Centro catalogador de origen CDMR
Lengua de catalogación cat
Centro transcriptor CDMR
100 1# - PUNTO DE ACCESO PRINCIPAL-NOMBRE DE PERSONA
Nombre de persona Biolley, Gérard
9 (RLIN) 1864
245 13 - MENCIÓN DE TÍTULO
Título Le droit de réponse en metière de presse
Mención de responsabilidad, etc. par Gérard Biolley
260 ## - PUBLICACIÓN, DISTRIBUCIÓN, ETC. (PIE DE IMPRENTA)
Lugar de publicación, distribución, etc. Paris
Fecha de publicación, distribución, etc. 1963
Nombre del editor, distribuidor, etc. Librairie Générale de Droit et Jurisprudence
300 ## - DESCRIPCIÓN FÍSICA
Extensión 182 p.
490 0# - MENCIÓN DE SERIE
Mención de serie Bibliothèque de Droit Privé
Designación de volumen o secuencia 50
650 04 - PUNTO DE ACCESO ADICIONAL DE MATERIA - TÉRMINO DE MATERIA
9 (RLIN) 3208
Término de materia o nombre geográfico como elemento inicial Periodisme
Subdivisión de materia general Dret i legislació
650 04 - PUNTO DE ACCESO ADICIONAL DE MATERIA - TÉRMINO DE MATERIA
9 (RLIN) 4370
Término de materia o nombre geográfico como elemento inicial Dret de rectificació
942 ## - ENTRADA DE ELEMENTOS AGREGADOS (KOHA)
Koha [por defecto] tipo de item Monografies
Fuente de clasificaión o esquema
Fons
Suprimido Perdido Estropeado No para préstamo Localización permanente Localización actual Fecha adquisición Préstamos totales Signatura completa Código de barras Fecha última consulta Fecha del precio de reemplazo Tipo de item de Koha
        Centre de Documentació Montserrat Roig Centre de Documentació Montserrat Roig 2013-01-16   Cg 5/10 CDMR13119936 2013-01-16 2013-01-16 Monografies

Implantat amb Koha